Information architecture for the world wide web
Introducing information architecture. Basic principles of information architecture. Process and methodology. Information architecture in practice. Information architecture in the organization. Case studies: MSWeb an enterprise intranet, an online community.
Wedi'i Gadw mewn:
| Prif Awdur: | |
|---|---|
| Fformat: | Llyfr |
| Iaith: | Undetermined |
| Cyhoeddwyd: |
Beijing
O'Reilly
2006
|
| Pynciau: | |
| Tagiau: |
Ychwanegu Tag
Dim Tagiau, Byddwch y cyntaf i dagio'r cofnod hwn!
|
| Thư viện lưu trữ: | Trung tâm Học liệu Trường Đại học Cần Thơ |
|---|
| LEADER | 00842nam a2200205Ia 4500 | ||
|---|---|---|---|
| 001 | CTU_135606 | ||
| 008 | 210402s9999 xx 000 0 und d | ||
| 020 | |c 39.99 | ||
| 082 | |a 006.7 | ||
| 082 | |b M892 | ||
| 100 | |a Morville, Peter | ||
| 245 | 0 | |a Information architecture for the world wide web | |
| 245 | 0 | |c Peter Morville, Louis Rosenfeld | |
| 260 | |a Beijing | ||
| 260 | |b O'Reilly | ||
| 260 | |c 2006 | ||
| 520 | |a Introducing information architecture. Basic principles of information architecture. Process and methodology. Information architecture in practice. Information architecture in the organization. Case studies: MSWeb an enterprise intranet, an online community. | ||
| 650 | |a Web sites,Information storage and retrieval systems | ||
| 650 | |x Design,Architecture | ||
| 980 | |a Trung tâm Học liệu Trường Đại học Cần Thơ | ||